Science Quiz

Random Science or Chemistry Quiz

Restaurant of the Elements Quiz Stats

Quiz Updated Apr 12, 2017

Challenge
Share
Tweet
Embed
Score 0/20 Timer 05:00
1 Play Today
Recipe Dish % Correct
Beryllium ErbiumBeer
69.8%
Bromine Oxygen Carbon Cobalt LithiumBroccoli
69.6%
Carbon Hydrogen Iodine Phosphorus SulphurChips
69%
Sodium Carbon Hydrogen OsmiumNachos
68.1%
Cobalt Calcium Cobalt LanthanumCoca Cola
67.9%
Boron Actinium Oxygen NitrogenBacon
67.2%
Sulphur Aluminium Molybdenum NitrogenSalmon
66.4%
Iodine Cerium Carbon Rhenium AmericiumIcecream
65.8%
Hydrogen Americium Boron Uranium Roentgenium ErbiumHamburger
65.5%
Sulphur Gold Sulphur Silver EinsteiniumSausages
61%
Recipe Dish % Correct
Carbon Radium Boron Sulphur Titanium Carbon Potassium SulphurCrabsticks
60.9%
Fluorine Iodine Sulphur Hydrogen Calcium Potassium EinsteiniumFishcakes
60.5%
Fluorine Rhenium Nitrogen Carbon Hydrogen Francium Iodine EinsteiniumFrench Fries
60.1%
Lanthanum Sulphur Silver NeonLasagne
59.8%
Gallium Tellurium GoldGateau
58.7%
Carbon Holmium Cobalt Lanthanum Tellurium Molybdenum Uranium Sulphur SeleniumChocolate Mousse
57.5%
Phosphorus Radium Tungsten Nitrogen SulphurPrawns
54.8%
Tungsten Hydrogen Iodine Tellurium Tungsten Iodine NeonWhite Wine
52.9%
Tungsten Astatine ErbiumWater
51.2%
Carbon Helium Einsteinium Yttrium Cobalt RadonCheesy Corn
35.9%

You're not logged in!

Compare scores with friends on all Sporcle quizzes.
Sign Up with Email
OR
Log In

You Might Also Like...

Show Comments

Extras

Top Quizzes Today


Score Distribution

Your Account Isn't Verified!

In order to create a playlist on Sporcle, you need to verify the email address you used during registration. Go to your Sporcle Settings to finish the process.